00545cam a22002171 4500001001300000003000400013005001700017008004100034010001700075035002000092040001800112042001200130050001600142110002200158245003600180260001100216300001900227500001500246650004900261999001700310ne 64000239 DLC20260227111755.0890107s1962 xx r 000 0 ara  ane 64000239  a(OCoLC)23523631 aDLCcMiUdDLC apremarc00aHE7316b.A72 aArab Postal Union10aQāmūs makātib al-barīd. c[1962] a263 p.c24 cm. aRomanized. 0aPostal servicezArab countriesvDirectories. c46644d46644